000
00290nam a2200133 4500
008
170715b xxu||||| |||| 00| 0 eng d
020
_a
9780130922991
041
_a
eng
080
_a
572
100
_a
24
101
_a
ANT
245
_a
CULTURAL ANTHROPOLOGY
_c
EMBER,C.R
942
_2
udc
_c
BK
999
_c
21233
_d
21233